| 000 | 00872nam a2200277Ia 4500 | ||
|---|---|---|---|
| 008 | 130821s2010 sp gr spa | ||
| 020 | _a9788434408852 | ||
| 040 |
_aCo-BoUCM _bspa |
||
| 041 | 0 | 0 | _aspa |
| 060 | _aWS 105.5.C8 | ||
| 245 | 0 | 3 |
_aLa adquisición del lenguaje _cMiguel Serra...[y otros autores]. |
| 260 |
_aBarcelona (España) _bAriel _c2010 |
||
| 300 | _a605 páginas | ||
| 490 | 0 | _aAriel Psicologia | |
| 504 | _aIncluye bibliografía e índice de materias. | ||
| 650 | 0 | 4 |
_aAdquisición del lenguaje _98650 |
| 650 | 0 | 4 |
_aComunicación interpersonal en niños _911378 |
| 650 | 0 | 4 |
_aPediatría _921221 |
| 650 | 0 | 4 | _aPsicolingüística |
| 700 | 1 | _aAparici, Melina | |
| 700 | 1 | _aBel, Aurora | |
| 700 | 1 | _aSerra, Miguel | |
| 700 | 1 | _aSerrat, Elisabet | |
| 700 | 1 | _aSolé, Aurora | |
| 942 |
_cLIBRORESER _2NLM _a15 _e1 _hWS 105.5.C8 _mA241 _n0 |
||
| 999 |
_c36597 _d36597 |
||